000
00328nam a2200145Ia 4500
008
230312s9999||||xx |||||||||||||| ||und||
020
_a
3-8238-5546-x
082
_a
720.19
_b
TEN-O
100
_a
teNeues
245
0
_a
Otto Wagner
260
_b
worldwide
_a
america
_c
2002
300
_a
78
650
_a
Architecture
942
_c
BK
999
_c
11728
_d
11728